=LDR 00000nam 2200000 4500 =001 INLIS000000000018766 =005 20200211122954 =035 ##$$a 0010-061300000018766 =008 200211################g##########0#ind## =041 ##$$a Ind =082 ##$$a 005.369 =090 ##$$a 310.04 San b =100 1#$$a Santoso, Singgih =245 1#$$a Buku Latihan SPSS Statistik Parametrik /$c Singgih Santoso =260 ##$$a Jakarta :$b Elex Media Komputindo,$c 2001 =300 ##$$a x, 390 hlm., ilus., 22 cm : $b Ilus. ; $c 14 x 20 Cm =650 #4$$a STATISTIK PARAMETRIK =850 ##$$a NBPNMAT =020 ##$$a 979-20-2859-5 =084 ##$$a 005.369 SAN b =250 ##$$a Cet.1 =990 ##$$a 21196404/BPAP-NTB/2014 =990 ##$$a 0001/BPAP-NTB/2016